000 00205 a2200097 4500
020 _a9781580172127
041 _aeng
100 _aEdward C. Smith
245 _aThe Vegetable Gardener's Bible
942 _cBK
999 _c30057
_d30055